Statistics for Cricket - 2023 World Cup Cities

Click here to take the quiz!

General Stats

  • This quiz has been taken 59 times
  • The average score is 8 of 10

Answer Stats

city% Correct
Mumbai
98%
Delhi
94%
Chennai
90%
Ahmedabad
88%
Bengaluru
88%
Kolkata
88%
Pune
87%
Hyderabad
65%
Dharamsala
58%
Lucknow
58%

Score Distribution

Percentile by Number Answered

Percent of People with Each Score

Your Score History

You have not taken this quiz